Accounting Theory (Record no. 1573)

MARC details
000 -LEADER
fixed length control field 00403nam a22001697a 4500
005 - DATE AND TIME OF LATEST TRANSACTION
control field 20210902102932.0
008 - FIXED-LENGTH DATA ELEMENTS--GENERAL INFORMATION
fixed length control field 160524b xxu||||| |||| 00| 0 eng d
020 ## - INTERNATIONAL STANDARD BOOK NUMBER
ISBN 978-0-07-463820-0
041 ## - LANGUAGE CODE
Language code of text/sound track or separate title eng
082 ## - DEWEY DECIMAL CLASSIFICATION NUMBER
Item number 4647
Classification number 657
100 ## - MAIN ENTRY--AUTHOR NAME
Personal name Porwal, L.S.
245 ## - TITLE STATEMENT
Title Accounting Theory
260 ## - PUBLICATION, DISTRIBUTION, ETC. (IMPRINT)
Place of publication New Delhi
Name of publisher Academic Faundation
300 ## - PHYSICAL DESCRIPTION
Number of Pages 497
650 ## - SUBJECT ADDED ENTRY--TOPICAL TERM
Topical Term Management
942 ## - ADDED ENTRY ELEMENTS (KOHA)
Koha item type Books
Holdings
Lost status Damaged status Collection code Home library Current library Shelving location Date acquired Full call number Accession Number Koha item type Source of acquisition
    MANAGEMENT JRU Library JRU Library SHELF-70 J 24/05/2016 657 4647 Books  
    MANAGEMENT JRU Library JRU Library SHELF-70 J 24/05/2016 657 4648 Books  
    Reference JRU Library JRU Library SHELF-1-D 24/05/2016 657 4649 Books PURCHASE
    MANAGEMENT JRU Library JRU Library SHELF-70 J 24/05/2016 657 4650 Books  
    Reference JRU Library   SHELF-28-I 24/05/2016 657 4651 Books  
    MANAGEMENT JRU Library JRU Library SHELF-70 J 24/05/2016 657 4652 Books  
    MANAGEMENT JRU Library JRU Library SHELF-70 J 24/05/2016 657 4653 Books